[Event "Ghent Taminco op 38th"]
[Site "Ghent"]
[Date "2015.07.19"]
[Round "3"]
[White "Offringa, Joost"]
[Black "Van Veelen, Jouke"]
[Result "1-0"]
[WhiteElo "2224"]
[BlackElo "1985"]
[PlyCount "79"]
[EventDate "2015.07.18"]
[EventType "swiss"]
[EventRounds "9"]
[EventCountry "BEL"]
[SourceTitle "CBM 167 Extra"]
[Source "ChessBase"]
[SourceDate "2015.09.14"]
[SourceVersion "1"]
[SourceVersionDate "2015.09.14"]
[SourceQuality "1"]

1. c4 e5 2. g3 f5 3. d4 exd4 4. Nf3 Bb4+ 5. Nbd2 c5 6. Bg2 Nf6 7. 0-0 0-0 8. Nb3 d6 9. e3 dxe3 10. Bxe3 Nc6 11. Qd3 Ne4 12. a3 Ba5 13. Nxa5 Nxa5 14. Nd2 Nxd2 15. Bxd2 Nc6 16. Rfe1 Nd4 17. Bc3 Qf6 18. Rad1 f4 19. Bxd4 cxd4 20. Bd5+ Kh8 21. Qxd4 fxg3 22. hxg3 Bd7 23. Qxf6 Rxf6 24. Re7 Bc6 25. Bxc6 bxc6 26. Rd7 Raf8 27. Rd2 d5 28. cxd5 cxd5 29. R7xd5 h6 30. Rd7 a6 31. Ra7 h5 32. Kg2 Kh7 33. b4 Kh6 34. Rad7 g6 35. R7d6 Kg5 36. f4+ Kh6 37. Kh3 g5 38. fxg5+ Kxg5 39. R2d5+ Kg6 40. Kh4 1-0

[Event "Amsterdam Science Park op-B 3rd"]
[Site "Amsterdam"]
[Date "2013.07.14"]
[Round "9"]
[White "Kelder, Sjoerd"]
[Black "Van Veelen, Jouke"]
[Result "1-0"]
[WhiteElo "1950"]
[BlackElo "1899"]
[PlyCount "73"]
[EventDate "2013.07.06"]
[EventType "swiss"]
[EventRounds "9"]
[EventCountry "NED"]
[SourceTitle "CBM 155 Extra"]
[Source "ChessBase"]
[SourceDate "2013.08.26"]
[SourceVersion "1"]
[SourceVersionDate "2013.08.26"]
[SourceQuality "1"]

1. d4 d5 2. Nf3 Nf6 3. c4 c6 4. Nc3 e6 5. Bg5 dxc4 6. e4 b5 7. e5 h6 8. Bh4 g5 9. Nxg5 hxg5 10. Bxg5 Nbd7 11. exf6 Bb7 12. g3 c5 13. d5 Qb6 14. Bg2 0-0-0 15. 0-0 b4 16. Na4 Qb5 17. a3 exd5 18. axb4 cxb4 19. Be3 Nc5 20. Nxc5 Bxc5 21. Bxc5 Qxc5 22. Qg4+ Kb8 23. Qg7 Qf8 24. Ra5 Qxg7 25. fxg7 Rhg8 26. Rd1 Rxg7 27. Rb5 c3 28. Rxb4 c2 29. Rc1 Rc8 30. Bxd5 f6 31. Kf1 Rd8 32. Bb3 a5 33. Rb5 Ka7 34. Rxa5+ Ba6+ 35. Kg1 Rb7 36. Bxc2 Rc8 37. Rxa6+ 1-0

[Event "Amsterdam Science Park op-B 3rd"]
[Site "Amsterdam"]
[Date "2013.07.12"]
[Round "7"]
[White "Van Veelen, Jouke"]
[Black "Dijkhuis, Sven"]
[Result "0-1"]
[WhiteElo "1899"]
[BlackElo "1953"]
[PlyCount "206"]
[EventDate "2013.07.06"]
[EventType "swiss"]
[EventRounds "9"]
[EventCountry "NED"]
[SourceTitle "CBM 155 Extra"]
[Source "ChessBase"]
[SourceDate "2013.08.26"]
[SourceVersion "1"]
[SourceVersionDate "2013.08.26"]
[SourceQuality "1"]

1. Nf3 Nf6 2. g3 g6 3. c4 Bg7 4. Bg2 0-0 5. 0-0 Nc6 6. d4 d5 7. cxd5 Nb4 8. Nc3 Nbxd5 9. Re1 Nxc3 10. bxc3 Ne4 11. Bb2 c5 12. Nd2 Nxd2 13. Qxd2 Qc7 14. e4 Rd8 15. d5 b5 16. Rad1 Bb7 17. f4 Rab8 18. Qf2 e6 19. Re2 c4 20. Ba3 Bxc3 21. Bc5 Ba6 22. Bxa7 Rb7 23. Bd4 Bxd4 24. Qxd4 exd5 25. exd5 Rb6 26. Rde1 Qb8 27. Re7 Rbd6 28. Qe5 Bb7 29. Rd1 c3 30. Qxc3 Bxd5 31. Qe5 Qb6+ 32. Rd4 Bc6 33. Bxc6 Qxd4+ 34. Qxd4 Rxd4 35. Bxb5 Rb4 36. a4 Kf8 37. Re2 Kg7 38. Kg2 Rc8 39. Ra2 Rb3 40. Be2 Rbc3 41. a5 Rc2 42. Rxc2 Rxc2 43. Kf3 Kf6 44. a6 Ra2 45. Bc4 Ra4 46. Bb5 Ra5 47. Bc4 Ke7 48. h3 f6 49. Be2 Kd6 50. Bc4 Kc5 51. Bg8 Rxa6 52. Bxh7 f5 53. g4 Ra3+ 54. Kg2 fxg4 55. hxg4 Ra6 56. Kg3 Kd4 57. Kh4 Ke4 58. Kg5 Ra5+ 59. f5 gxf5 60. Bxf5+ Ke5 61. Kg6 Ra6+ 62. Kg5 Rb6 63. Bc8 Rb8 64. Bf5 Rg8+ 65. Kh6 Kf6 66. Kh7 Rb8 67. Kh6 Rb2 68. Bg6 Rg2 69. Bh5 Rg3 70. Kh7 Kg5 71. Kg7 Rf3 72. Kh7 Rf2 73. Kg7 Rf4 74. Kh7 Ra4 75. Kg7 Ra7+ 76. Kf8 Kf6 77. Kg8 Rb7 78. Kf8 Rb8+ 79. Be8 Ra8 80. g5+ Kxg5 81. Ke7 Ra6 82. Bb5 Rb6 83. Bd3 Kf4 84. Kd7 Ke5 85. Be2 Rd6+ 86. Ke7 Rd2 87. Bf3 Rf2 88. Bd1 Ra2 89. Kf7 Ra7+ 90. Kg6 Ra1 91. Be2 Re1 92. Bd3 Re3 93. Ba6 Rf3 94. Be2 Rf4 95. Bd3 Rf6+ 96. Kg5 Rf3 97. Bb5 Rg3+ 98. Kh4 Kf4 99. Ba4 Ra3 100. Bb5 Rb3 101. Bc4 Rb4 102. Bf1 Rb1 103. Bg2 Rb8 0-1

[Event "Amsterdam Science Park op-B 3rd"]
[Site "Amsterdam"]
[Date "2013.07.07"]
[Round "2"]
[White "Bravo, Fabio"]
[Black "Van Veelen, Jouke"]
[Result "0-1"]
[WhiteElo "2013"]
[BlackElo "1899"]
[PlyCount "76"]
[EventDate "2013.07.06"]
[EventType "swiss"]
[EventRounds "9"]
[EventCountry "NED"]
[SourceTitle "CBM 155 Extra"]
[Source "ChessBase"]
[SourceDate "2013.08.26"]
[SourceVersion "1"]
[SourceVersionDate "2013.08.26"]
[SourceQuality "1"]

1. e4 c6 2. Nc3 d5 3. Nf3 dxe4 4. Nxe4 Nf6 5. Ng3 Bg4 6. b3 e6 7. Bb2 Nbd7 8. Be2 Bd6 9. Nd4 Bxe2 10. Qxe2 Qe7 11. 0-0 0-0 12. Rae1 Rfe8 13. Ne4 Nxe4 14. Qxe4 Qg5 15. f4 Qh5 16. Ne2 Qd5 17. Qe3 Bc5 18. d4 Bf8 19. c4 Qa5 20. a3 c5 21. Qg3 Nf6 22. d5 Ne4 23. Qg4 exd5 24. Rd1 d4 25. b4 cxb4 26. Nxd4 h5 27. Qh3 bxa3 28. Ba1 Rad8 29. Kh1 Qc5 30. g4 hxg4 31. Qxg4 Rd6 32. f5 Nf6 33. Qg2 Qxc4 34. Rc1 Qd5 35. Qxd5 Rxd5 36. Rc7 Rd7 37. Rc2 Red8 38. Nf3 Rd1 0-1

[Event "NED-ch op U18"]
[Site "Enschede"]
[Date "2010.08.13"]
[Round "8"]
[White "Tempelman, Kristianne"]
[Black "Van Veelen, Jouke"]
[Result "0-1"]
[WhiteElo "1945"]
[BlackElo "1801"]
[PlyCount "68"]
[EventDate "2010.08.09"]
[EventType "swiss"]
[EventRounds "9"]
[EventCountry "NED"]
[SourceTitle "CBM 137 Extra"]
[Source "ChessBase"]
[SourceDate "2010.09.01"]
[SourceVersion "1"]
[SourceVersionDate "2010.09.01"]
[SourceQuality "1"]

1. d4 d5 2. c4 c6 3. Nc3 Nf6 4. Nf3 e6 5. a3 Nbd7 6. Bg5 h6 7. Bh4 dxc4 8. e4 b5 9. Be2 g5 10. Bg3 Bg7 11. Ne5 Bb7 12. Qc2 0-0 13. 0-0 Qb6 14. Rad1 Rad8 15. f4 Nxe5 16. fxe5 Nd7 17. Kh1 c5 18. d5 Nxe5 19. Bf2 a6 20. Be3 Ng6 21. Bh5 exd5 22. Nxd5 Bxd5 23. exd5 Bd4 24. Bxd4 cxd4 25. Qe4 Nf4 26. Bf3 d3 27. h4 f5 28. Qe5 Rde8 29. Qc3 Ne2 30. Qd2 Ng3+ 31. Kh2 Nxf1+ 32. Rxf1 g4 33. Bd1 Qd6+ 34. Kh1 Re5 0-1

[Event "NED-ch op U18"]
[Site "Enschede"]
[Date "2010.08.12"]
[Round "7"]
[White "Damen, Igor"]
[Black "Van Veelen, Jouke"]
[Result "0-1"]
[WhiteElo "1937"]
[BlackElo "1801"]
[PlyCount "52"]
[EventDate "2010.08.09"]
[EventType "swiss"]
[EventRounds "9"]
[EventCountry "NED"]
[SourceTitle "CBM 137 Extra"]
[Source "ChessBase"]
[SourceDate "2010.09.01"]
[SourceVersion "1"]
[SourceVersionDate "2010.09.01"]
[SourceQuality "1"]

1. e4 c5 2. Nf3 Nc6 3. d4 cxd4 4. Nxd4 Nf6 5. Nc3 e5 6. Ndb5 d6 7. Bg5 a6 8. Na3 b5 9. Bxf6 gxf6 10. Nd5 f5 11. Bxb5 axb5 12. Nxb5 Ra4 13. Nbc7+ Kd7 14. 0-0 Qg5 15. c3 Rg8 16. g3 Rxe4 17. Nb5 Rg6 18. Nb6+ Kd8 19. Qd5 Bb7 20. Qxf7 Qe7 21. Qxf5 Rf4 22. Qd3 Qh4 23. Qxg6 hxg6 24. gxh4 Rg4+ 25. Kh1 Nd4+ 26. f3 Nxf3 0-1

[Event "NED-ch op U18"]
[Site "Enschede"]
[Date "2010.08.10"]
[Round "3"]
[White "Van Veelen, Jouke"]
[Black "Rijksen, Arnold"]
[Result "1/2-1/2"]
[WhiteElo "1801"]
[BlackElo "1556"]
[PlyCount "74"]
[EventDate "2010.08.09"]
[EventType "swiss"]
[EventRounds "9"]
[EventCountry "NED"]
[SourceTitle "CBM 137 Extra"]
[Source "ChessBase"]
[SourceDate "2010.09.01"]
[SourceVersion "1"]
[SourceVersionDate "2010.09.01"]
[SourceQuality "1"]

1. d4 Nf6 2. c4 e6 3. Nf3 b6 4. g3 Bb7 5. Bg2 Be7 6. 0-0 0-0 7. Nbd2 d5 8. Ne5 Nbd7 9. Ndf3 Ne4 10. Qa4 Nxe5 11. Nxe5 Qe8 12. Qc2 f6 13. Ng4 Qg6 14. f3 Nd6 15. Qxg6 hxg6 16. cxd5 exd5 17. Ne3 c6 18. Nc2 Rfe8 19. e4 Bf8 20. Re1 Nf7 21. Bd2 Rad8 22. exd5 cxd5 23. f4 Nd6 24. Rxe8 Rxe8 25. Re1 Rxe1+ 26. Bxe1 f5 27. Ne3 Ne4 28. Bxe4 fxe4 29. Ng4 Be7 30. Kf2 Bf6 31. Ke3 Kf7 32. Bb4 Bc8 33. Nf2 Ke6 34. Bf8 Kf7 35. Bd6 Ke6 36. Bb8 a6 37. Ba7 b5 1/2-1/2

[Event "Enschede op-A U18"]
[Site "Enschede"]
[Date "2009.08.05"]
[Round "4"]
[White "Van Veelen, Jouke"]
[Black "Beijen, Mark2222"]
[Result "1-0"]
[WhiteElo "1846"]
[BlackElo "1544"]
[PlyCount "51"]
[EventDate "2009.08.03"]
[EventType "swiss"]
[EventRounds "9"]
[EventCountry "NED"]
[SourceTitle "CBM 132 Extra"]
[Source "ChessBase"]
[SourceDate "2009.11.03"]
[SourceVersion "1"]
[SourceVersionDate "2009.11.03"]
[SourceQuality "1"]

1. e4 c5 2. Nf3 Nc6 3. d4 cxd4 4. Nxd4 Nf6 5. Nc3 d6 6. Be3 a6 7. f3 e6 8. Qd2 Be7 9. g4 Nxd4 10. Bxd4 e5 11. Be3 b5 12. g5 Nd7 13. Nd5 Nc5 14. 0-0-0 Be6 15. Nxe7 Kxe7 16. Kb1 Qc7 17. Bg2 Rad8 18. f4 exf4 19. Bxf4 Rd7 20. Qd4 Bg4 21. Qxg7 Bxd1 22. Qf6+ Ke8 23. Qxh8+ Ke7 24. Rxd1 Ne6 25. Qf6+ Ke8 26. Bg3 1-0

[Event "Enschede op-A U18"]
[Site "Enschede"]
[Date "2009.08.04"]
[Round "2"]
[White "Van Veelen, Jouke"]
[Black "De Vries, Geertien"]
[Result "1-0"]
[WhiteElo "1846"]
[BlackElo "980"]
[PlyCount "43"]
[EventDate "2009.08.03"]
[EventType "swiss"]
[EventRounds "9"]
[EventCountry "NED"]
[SourceTitle "CBM 132 Extra"]
[Source "ChessBase"]
[SourceDate "2009.11.03"]
[SourceVersion "1"]
[SourceVersionDate "2009.11.03"]
[SourceQuality "1"]

1. e4 e6 2. d4 d5 3. Nd2 Nf6 4. Bd3 dxe4 5. Nxe4 Qxd4 6. Bb5+ Bd7 7. Qxd4 Bxb5 8. Nxf6+ gxf6 9. Qxf6 Rg8 10. Bg5 Nc6 11. 0-0-0 Be7 12. Qc3 Bxg5+ 13. Kb1 Bh6 14. Qh3 Rg6 15. Qb3 Ba6 16. Nf3 Rxg2 17. Rhg1 Rxg1 18. Nxg1 Bg7 19. Qg3 Bf8 20. Qxc7 Rd8 21. Rxd8+ Nxd8 22. Nf3 1-0

[Event "Hengelo U14 op"]
[Site "Hengelo"]
[Date "2005.08.12"]
[Round "7"]
[White "Vandaele, Morris"]
[Black "Van Veelen, Jouke"]
[Result "1-0"]
[WhiteElo "1549"]
[BlackElo "1256"]
[PlyCount "45"]
[EventDate "2005.08.??"]
[EventType "swiss"]
[EventRounds "9"]
[EventCountry "NED"]
[SourceTitle "CBM 107 Extra"]
[Source "ChessBase"]
[SourceDate "2005.09.01"]
[SourceVersion "1"]
[SourceVersionDate "2005.09.01"]
[SourceQuality "1"]

1. e4 Nf6 2. e5 Nd5 3. Bc4 Nb6 4. Bb3 d6 5. Nf3 Bg4 6. exd6 cxd6 7. c3 Bf5 8. d4 e6 9. Be3 Be7 10. Nbd2 d5 11. Bc2 Bxc2 12. Qxc2 0-0 13. h4 N6d7 14. Ng5 Bxg5 15. hxg5 g6 16. Rh6 Kg7 17. 0-0-0 Nc6 18. Nf3 Qe7 19. Rdh1 Rh8 20. Bf4 Qf8 21. Ne5 a6 22. Qd3 Rc8 23. Qg3 1-0

[Event "Hengelo U14 op"]
[Site "Hengelo"]
[Date "2005.08.11"]
[Round "6"]
[White "Van Veelen, Jouke"]
[Black "Byun, Insik"]
[Result "0-1"]
[WhiteElo "1256"]
[BlackElo "1724"]
[PlyCount "48"]
[EventDate "2005.08.??"]
[EventType "swiss"]
[EventRounds "9"]
[EventCountry "NED"]
[SourceTitle "CBM 107 Extra"]
[Source "ChessBase"]
[SourceDate "2005.09.01"]
[SourceVersion "1"]
[SourceVersionDate "2005.09.01"]
[SourceQuality "1"]

1. e4 e5 2. f4 exf4 3. Nf3 Be7 4. h4 d6 5. d4 Bg4 6. Be2 Bxf3 7. Bxf3 Bxh4+ 8. Kf1 Bg3 9. Nc3 Nc6 10. Ne2 Qf6 11. c3 0-0-0 12. Nxg3 fxg3 13. Rh3 Qe7 14. Rxg3 g6 15. Bg5 f6 16. Bd2 g5 17. Qb3 h5 18. Re1 g4 19. Be2 Nh6 20. Bxh6 Rxh6 21. Bd3 Re8 22. Qd1 Qg7 23. Ree3 Qg5 24. Re1 Qf4+ 0-1